2007 MLB Playoff Lineups - Statistics

General Stats
  • This quiz has been taken 29 times
  • The average score is 37 of 106
Answer Stats
Hint Hint Answer % Correct
Boston Red Sox DH David Ortiz
92%
New York Yankees SS Derek Jeter
92%
New York Yankees 3B Alex Rodriguez
85%
Chicago Cubs 3B Aramis Ramirez
85%
Boston Red Sox LF Manny Ramirez
85%
New York Yankees C Jorge Posada
77%
New York Yankees 2B Robinson Cano
77%
Chicago Cubs 1B Derrek Lee
69%
New York Yankees DH Hideki Matsui
69%
Boston Red Sox C Jason Varitek
69%
Colorado Rockies 2B Kazuo Matsui
69%
Boston Red Sox 3B Mike Lowell
69%
Philadelphia Phillies 1B Ryan Howard
69%
Cleveland Indians C Victor Martinez
69%
Los Angeles Angels RF Vladimir Guerrero
69%
New York Yankees SP Andy Pettitte
62%
Cleveland Indians 2B Asdrubal Cabrera
62%
Cleveland Indians SP C.C. Sabathia
62%
Philadelphia Phillies 2B Chase Utley
62%
Boston Red Sox 2B Dustin Pedroia
62%
Philadelphia Phillies SS Jimmy Rollins
62%
New York Yankees CF Melky Cabrera
62%
Los Angeles Angels SS Orlando Cabrera
62%
Colorado Rockies 1B Todd Helton
62%
Philadelphia Phillies C Carlos Ruiz
54%
New York Yankees MGR Joe Torre
54%
Los Angeles Angels SP John Lackey
54%
Boston Red Sox SP Josh Beckett
54%
New York Yankees SP Roger Clemens
54%
Boston Red Sox MGR Terry Francona
54%
Colorado Rockies SS Troy Tulowitzki
54%
Philadelphia Phillies SP Cole Hamels
46%
Cleveland Indians CF Grady Sizemore
46%
Boston Red Sox RF J.D. Drew
46%
Los Angeles Angels SP Jered Weaver
46%
New York Yankees LF Johnny Damon
46%
Los Angeles Angels MGR Mike Scioscia
46%
Arizona Diamondbacks SS Stephen Drew
46%
Chicago Cubs LF Alfonso Soriano
38%
Philadelphia Phillies MGR Charlie Manuel
38%
Los Angeles Angels CF Chone Figgins
38%
Boston Red Sox SP Curt Schilling
38%
Los Angeles Angels LF Garret Anderson
38%
Chicago Cubs CF Jacque Jones
38%
Boston Red Sox SP Jon Lester
38%
Boston Red Sox 1B Kevin Youkilis
38%
Colorado Rockies LF Matt Holliday
38%
New York Yankees RF Bobby Abreu
31%
Colorado Rockies MGR Clint Hurdle
31%
Boston Red Sox CF Coco Crisp
31%
Colorado Rockies SP Jeff Francis
31%
Arizona Diamondbacks RF Justin Upton
31%
Arizona Diamondbacks SP Livan Hernandez
31%
Cleveland Indians SP Roberto Hernandez
31%
Colorado Rockies SP Ubaldo Jimenez
31%
Philadelphia Phillies CF Aaron Rowand
23%
Arizona Diamondbacks SP Brandon Webb
23%
Chicago Cubs SP Carlos Zambrano
23%
New York Yankees SP Chien-Ming Wang
23%
Boston Red Sox SP Daisuke Matsuzaka
23%
Arizona Diamondbacks SP Doug Davis
23%
Colorado Rockies 3B Garrett Atkins
23%
Boston Red Sox SS Julio Lugo
23%
Cleveland Indians LF Kenny Lofton
23%
Chicago Cubs MGR Lou Piniella
23%
Arizona Diamondbacks 3B Mark Reynolds
23%
Los Angeles Angels C Mike Napoli
23%
Philadelphia Phillies LF Pat Burrell
23%
Cleveland Indians SP Paul Byrd
23%
Chicago Cubs SP Rich Hill
23%
Boston Red Sox SP Tim Wakefield
23%
Cleveland Indians DH Travis Hafner
23%
Colorado Rockies RF Brad Hawpe
15%
Arizona Diamondbacks CF Chris Young
15%
Arizona Diamondbacks LF Eric Byrnes
15%
Cleveland Indians MGR Eric Wedge
15%
Colorado Rockies SP Franklin Morales
15%
Chicago Cubs C Geovany Soto
15%
Cleveland Indians SS Jhonny Peralta
15%
Los Angeles Angels DH Kendrys Morales
15%
Los Angeles Angels 3B Maicer Izturis
15%
Philadelphia Phillies RF Shane Victorino
15%
Colorado Rockies C Yorvit Torrealba
15%
Colorado Rockies SP Aaron Cook
8%
Arizona Diamondbacks 2B Augie Ojeda
8%
Arizona Diamondbacks MGR Bob Melvin
8%
Cleveland Indians 3B Casey Blake
8%
New York Yankees 1B Doug Mientkiewicz
8%
Philadelphia Phillies 3B Greg Dobbs
8%
Los Angeles Angels 2B Howie Kendrick
8%
Cleveland Indians SP Jake Westbrook
8%
Colorado Rockies SP Josh Fogg
8%
Los Angeles Angels SP Kelvim Escobar
8%
Philadelphia Phillies SP Kyle Kendrick
8%
Arizona Diamondbacks SP Micah Owings
8%
Cleveland Indians 1B Ryan Garko
8%
Chicago Cubs SS Ryan Theriot
8%
Chicago Cubs SP Ted Lilly
8%
Arizona Diamondbacks 1B Tony Clark
8%
Colorado Rockies CF Willy Taveras
8%
Los Angeles Angels 1B Casey Kotchman
0%
Arizona Diamondbacks C Chris Snyder
0%
Chicago Cubs RF Cliff Floyd
0%
Cleveland Indians RF Franklin Gutierrez
0%
Philadelphia Phillies SP Jamie Moyer
0%
Chicago Cubs 2B Mark DeRosa
0%
No matching quizzes found
Score Distribution
Percent of People with Each Score
Percentile by Number Answered
Your Score History
You have not taken this quiz